Art House : Gallery of Modern Art Queensland /

Saved in:
Bibliographic Details
Main Author: Hyatt, Peter (Author)
Format: Book
Language:English
Published: Fisherman´s Bend, Victoria : Thames & Hudson Australia, 2008
Edition:1. vydanie
Subjects:
Tags: Add Tag
No Tags, Be the first to tag this record!

MARC

LEADER 00000nam a22000003a 4500
001 0031364
003 SK-STU
005 20190325161749.3
007 ta
008 180223s ----xo-----e------000-0-----d
020 |a 978-0-5009-7683-8 
040 |a STU  |b slo 
041 0 |a eng 
044 |a at 
100 1 |a Hyatt, Peter  |4 aut 
245 1 0 |a Art House :  |b Gallery of Modern Art Queensland /  |c aut. Peter Hyatt 
250 |a 1. vydanie 
260 |a Fisherman´s Bend, Victoria :  |b Thames & Hudson Australia,  |c 2008 
300 |a 80 s. 
650 0 7 |a galéria 
650 0 7 |a galérie 
650 0 7 |a stavby pre voľný čas 
650 0 7 |a múzeum 
650 0 7 |a dom umenia 
650 0 7 |a výstavná sieň 
650 0 7 |a exhibition space 
996 |b 284AU07257  |c A* 10506/U  |l AAKNST  |s P  |a 0  |w 0031364_0001